[Event "Challenge"]
[Site "http://www.queenalice.com/game.php?id=210047"]
[Date "2007.5.12"]
[Round "-"]
[White "JUKIE78"]
[Black "Butze"]
[Result "0-1"]
[WhiteElo "1507"]
[BlackElo "1435"]

1. e4 e5 2. Nf3 Nc6 3. Bd3 Qf6 4. O-O Nd4 5. c3 Nxf3+ 6. Qxf3 g5 7. Qxf6 Nxf6 8.
h3 g4 9. f4 gxh3 10. fxe5 Rg8 11. exf6 b6 12. Kh2 hxg2 13. Rg1 d5 14. exd5 Bd6#
0-1

[Event "Porrada!"]
[Site "http://www.queenalice.com/game.php?id=212172"]
[Date "2007.5.17"]
[Round "-"]
[White "Chupaca"]
[Black "Butze"]
[Result "0-1"]
[WhiteElo "1745"]
[BlackElo "1412"]

1. d4 Nc6 2. e3 e5 3. c3 Qf6 4. Nf3 Nh6 5. Nbd2 g5 6. Ne4 Qf5 7. Nfxg5 Be7 8.
Qh5 Bxg5 9. Nxg5 Rf8 10. Qxh6 Qg6 11. Qh4 f6 12. Ne4 d5 13. Nc5 Bf5 14. b3 O-O-O
15. Bd3 e4 16. Be2 b6 17. Nxe4 Qxg2 18. Ng3 Rg8 0-1

[Event "Let's Play Chess!"]
[Site "http://www.queenalice.com/game.php?id=212239"]
[Date "2007.5.17"]
[Round "-"]
[White "Butze"]
[Black "morphy1095"]
[Result "0-1"]
[WhiteElo "1454"]
[BlackElo "1396"]

1. e4 c5 2. Qh5 g6 3. Qxc5 Bg7 4. e5 Nc6 5. d4 b6 6. Qb5 Nxd4 7. Qd5 Nc6 8. Bc4
e6 9. Qf3 Bb7 10. Ne2 Bxe5 11. Bf4 Bxb2 12. O-O Bxa1 13. Nd2 Na5 14. Rxa1 Bxf3
15. Nxf3 Nxc4 16. Ne5 Nxe5 17. Bxe5 Nf6 18. Bd4 O-O 19. Rd1 Rc8 20. Nc3 Ng4 21.
Ne4 Qh4 22. h3 Nh6 23. Bf6 Qxe4 24. f3 Qe3+ 25. Kf1 Rxc2 26. Re1 Qf2# 0-1

[Event "Challenge"]
[Site "http://www.queenalice.com/game.php?id=214117"]
[Date "2007.5.21"]
[Round "-"]
[White "alexnu"]
[Black "Butze"]
[Result "1-0"]
[WhiteElo "1886"]
[BlackElo "1403"]

1. g4 d5 2. Bg2 Nf6 3. h3 Ne4 4. Nc3 f5 5. Nxe4 dxe4 6. d4 Nc6 7. gxf5 Bxf5 8.
e3 g6 9. c3 e5 10. dxe5 Nxe5 11. Qa4+ Qd7 12. Qxd7+ Nxd7 13. Ne2 Nc5 14. Nd4
Nd3+ 15. Ke2 O-O-O 16. Rb1 Rxd4 17. cxd4 c5 18. dxc5 Bxc5 19. a3 Rf8 20. Rf1 Re8
21. b4 Be7 22. Bb2 Bd7 23. Bxe4 Ne5 24. Bxe5 Bb5+ 25. Bd3 1-0

[Event "Challenge"]
[Site "http://www.queenalice.com/game.php?id=218260"]
[Date "2007.5.30"]
[Round "-"]
[White "Butze"]
[Black "Edgar"]
[Result "0-1"]
[WhiteElo "1424"]
[BlackElo "2186"]

1. e4 e5 2. Qh5 Nc6 3. Bc4 g6 4. Qf3 Nf6 5. d3 Nd4 6. Qd1 d5 7. exd5 b5 8. Bb3
a5 9. a4 Bg4 10. f3 Nxb3 11. cxb3 Bf5 12. Bg5 Bg7 13. Qe2 Qxd5 14. Nc3 Qe6 15.
Nxb5 Nd5 16. Rc1 c6 17. Qc2 cxb5 18. Qc6+ Qxc6 19. Rxc6 Nb4 20. Rd6 bxa4 21. Nh3
Nxd3+ 22. Rxd3 Bxd3 23. f4 h6 24. Bh4 Rc8 25. Kd2 e4 26. Nf2 Rc2+ 27. Ke3 Re2#
0-1

[Event "Let's Play Chess!"]
[Site "http://www.queenalice.com/game.php?id=219598"]
[Date "2007.6.2"]
[Round "-"]
[White "Butze"]
[Black "CampbellMarcel"]
[Result "0-1"]
[WhiteElo "1431"]
[BlackElo "1711"]

1. e4 e5 2. Qh5 Nf6 3. Qxe5+ Be7 4. Bb5 c6 5. Bc4 d6 6. Qg3 O-O 7. d3 b5 8. Bh6
Nh5 9. Qe3 bxc4 10. Nh3 gxh6 11. Qxh6 Ng7 12. Nf4 Bg5 13. Ne6 Bxe6 14. Qxg5 Qxg5
15. h4 Qxg2 16. Rf1 cxd3 17. Nd2 d5 18. c4 dxe4 19. f3 e3 20. O-O-O exd2+ 21.
Kb1 Bh3 0-1

[Event "Let's Play Chess!"]
[Site "http://www.queenalice.com/game.php?id=219599"]
[Date "2007.6.2"]
[Round "-"]
[White "Butze"]
[Black "CampbellMarcel"]
[Result "0-1"]
[WhiteElo "1436"]
[BlackElo "1706"]

1. e4 c5 2. Qh5 e6 3. Nf3 Nf6 4. Qh4 Be7 5. Ng5 h6 6. f4 Nxe4 7. d3 Nxg5 8. fxg5
Bxg5 9. Bxg5 Qxg5 10. Qc4 Nc6 11. Nd2 f5 12. O-O-O b6 13. h4 Qe7 14. g4 Ne5 15.
Qf4 d6 16. Nf3 Nxf3 17. Qxf3 Bb7 18. Qf4 O-O-O 19. Rg1 g5 20. hxg5 hxg5 21. Qf3
Bxf3 0-1

[Event "AUTO-INT-487"]
[Site "http://www.queenalice.com/game.php?id=223059"]
[Date "2007.6.10"]
[Round "1"]
[White "Butze"]
[Black "marcosbratz"]
[Result "0-1"]
[WhiteElo "1401"]
[BlackElo "1651"]

1. e4 e5 2. Qh5 Nc6 3. Bc4 Nh6 4. d4 Bd6 5. Bg5 g6 6. Qh4 Be7 7. Qxh6 Bxg5 8.
Qg7 Rf8 9. Nf3 Bf6 10. Qxh7 Nxd4 11. Nxd4 exd4 12. O-O d3 13. Re1 Bxb2 14. e5
Bxa1 15. Bxf7+ Rxf7 16. Qxg6 dxc2 0-1

[Event "AUTO-INT-487"]
[Site "http://www.queenalice.com/game.php?id=223060"]
[Date "2007.6.10"]
[Round "1"]
[White "marcosbratz"]
[Black "Butze"]
[Result "1-0"]
[WhiteElo "1657"]
[BlackElo "1395"]

1. e4 Nf6 2. d3 d5 3. f3 dxe4 4. fxe4 Bg4 5. Nf3 e6 6. h3 Bxf3 7. gxf3 Nc6 8.
Bg5 Bc5 9. Nc3 Nd4 10. h4 O-O 11. Ne2 Bb4+ 12. c3 Nxf3+ 13. Kf2 Nxg5 14. hxg5
Ng4+ 15. Ke1 Ne3 16. Qd2 Qxd3 17. Qxd3 1-0

[Event "AUTO-INT-487"]
[Site "http://www.queenalice.com/game.php?id=223061"]
[Date "2007.6.10"]
[Round "1"]
[White "Butze"]
[Black "ilardi"]
[Result "0-1"]
[WhiteElo "1389"]
[BlackElo "1530"]

1. e4 e5 2. Qh5 Nf6 3. Qxe5+ Be7 4. Bb5 O-O 5. Qf5 d5 6. Qf4 c6 7. Bd3 Bd6 8.
Qh4 Be6 9. c4 Re8 10. f4 dxe4 11. Bxe4 Nxe4 12. Nf3 Qxh4+ 13. Nxh4 Bxc4 14. Nc3
Nxc3+ 15. Kf2 Ne4+ 16. Kf3 Bd5 0-1

[Event "AUTO-INT-487"]
[Site "http://www.queenalice.com/game.php?id=223062"]
[Date "2007.6.10"]
[Round "1"]
[White "ilardi"]
[Black "Butze"]
[Result "1-0"]
[WhiteElo "1496"]
[BlackElo "1416"]

1. e4 Nf6 2. Nc3 d5 3. exd5 Nxd5 4. Nxd5 Qxd5 5. c3 b5 6. d4 Bh3 7. Nxh3 c5 8.
Nf4 Qe4+ 9. Be3 Nc6 10. Bxb5 e5 11. O-O exf4 12. Bxf4 cxd4 13. Re1 Qe7 14. Rxe7+
Bxe7 15. Bxc6+ Kd8 16. Qxd4+ Kc8 17. Qd7# 1-0

[Event "AUTO-INT-487"]
[Site "http://www.queenalice.com/game.php?id=223063"]
[Date "2007.6.10"]
[Round "1"]
[White "Butze"]
[Black "Francisco_Ferraz"]
[Result "0-1"]
[WhiteElo "1422"]
[BlackElo "1674"]

1. e4 c5 2. Qh5 Nf6 3. Qf3 d6 4. h3 e5 5. g4 h6 6. Nc3 Be7 7. Nd5 Nbd7 8. Bb5
Nxd5 9. exd5 a6 10. Bxd7+ Bxd7 11. Ne2 O-O 12. d3 f5 13. Rg1 fxg4 14. hxg4 Rxf3
15. g5 Bxg5 16. Ng3 Bxc1 17. Rxc1 Qb6 18. Nh5 Qxb2 19. Rxg7+ Kf8 20. Rxd7 Qxc1+
21. Ke2 Qh1 22. Ng3 Rxg3 23. fxg3 Qxd5 24. Rh7 Qg2+ 25. Ke3 Qxg3+ 26. Ke4 Qg6+
0-1

[Event "AUTO-INT-487"]
[Site "http://www.queenalice.com/game.php?id=223064"]
[Date "2007.6.10"]
[Round "1"]
[White "Francisco_Ferraz"]
[Black "Butze"]
[Result "1-0"]
[WhiteElo "1661"]
[BlackElo "1431"]

1. b3 e5 2. Bb2 Qf6 3. Nf3 Nc6 4. e3 Bc5 5. Bb5 a6 6. Bxc6 dxc6 7. Bxe5 Qg6 8.
Nh4 Qe4 9. Bg3 g5 10. Nc3 Bg4 11. f3 gxh4 12. Nxe4 hxg3 13. Nxc5 Bh3 14. gxh3 g2
15. Rg1 O-O-O 16. Rxg2 Nf6 17. d4 Rhe8 18. Qd3 Nd5 19. Qf5+ Kb8 20. Nd7+ Rxd7
21. Qxd7 Rxe3+ 22. Re2 Nf6 23. Qd8+ 1-0

[Event "QA-ANNIV-03"]
[Site "http://www.queenalice.com/game.php?id=225612"]
[Date "2007.6.15"]
[Round "1"]
[White "Butze"]
[Black "malecar"]
[Result "0-1"]
[WhiteElo "1441"]
[BlackElo "1593"]

1. e4 e5 2. Qh5 Qe7 3. Bc4 Nf6 4. Qg5 Nxe4 5. Qf5 Nd6 6. Qd3 Nxc4 7. Qxc4 Nc6 8.
a3 Qc5 9. b3 d5 10. Qxc5 Bxc5 11. b4 Bd4 12. c3 Bb6 0-1

[Event "Challenge"]
[Site "http://www.queenalice.com/game.php?id=230499"]
[Date "2007.6.25"]
[Round "-"]
[White "cdare"]
[Black "Butze"]
[Result "1-0"]
[WhiteElo "1713"]
[BlackElo "1367"]

1. e4 d5 2. exd5 Qxd5 3. Nc3 Qc5 4. Nf3 Nf6 5. d4 Qa5 6. Bd2 Ne4 7. Nxe4 Qd5 8.
Bd3 Bf5 9. Nc3 Qe6+ 10. Qe2 Nc6 11. Qxe6 1-0